|
|
|
|
| LEADER |
00000nab a2200000 ar4500 |
| 001 |
vtls010625154 |
| 003 |
SK-MaSNL |
| 005 |
20260305040116.0 |
| 008 |
140930c2013 xo mr|p|||||||000 b|slo |
| 038 |
|
|
|a SNSK
|
| 040 |
|
|
|b slo
|c SNSK
|e AACR2
|
| 041 |
|
|
|a slo
|
| 044 |
|
|
|a xo
|c SK
|
| 080 |
|
|
|a 311.21
|x (437.672.121.142)
|x "2011"
|2 2001
|
| 245 |
0 |
0 |
|a Ďalšie zaujímavé výsledky sčítania obyvateľov, domov a bytov
|
| 650 |
0 |
7 |
|a sčítanie obyvateľov
|x sčítanie domov
|x sčítanie bytov
|z Slovensko
|y 2011
|2 snsk
|9 1103922
|
| 650 |
0 |
7 |
|a štatistiky
|y 2011
|2 snsk
|9 1619473
|
| 651 |
|
7 |
|a Spišská Nová Ves (Slovensko : okres)
|2 snsk
|9 22259
|
| 773 |
0 |
|
|t Ičko. Informátor. Kultúrno-spoločenský mesačník mesta Spišská Nová Ves
|g Č. 10/2013, s. 3
|
| 852 |
|
|
|a SNSK
|b KIS3GCP
|
| 999 |
|
|
|c 3336722
|d 3338652
|